Rugby - Emblème des équipes nationales - Statistiques

Statistiques générales
  • Ce quiz a été pris 150 fois
    44 depuis la dernière actualisation
  • Le résultat moyen est 8 sur 12
Statistiques - réponses
Pays Emblème % Correct
France le Coq
100%
Angleterre la Rose
98%
Irlande le Trèfle
93%
Ecosse le Chardon
86%
Argentine le Puma
81%
Pays de Galles le Poireau
76%
Afrique du sud le Springbok
74%
Australie le Wallaby
64%
Nouvelle Zélande La fougère argentée
57%
Japon La fleur de cerisier
45%
Fidji le Palmier
29%
Italie Le Laurier
14%
Aucun quiz correspondant
Distribution des résultats
% des personnes avec chaque résultat
Percentile par nombre de réponses
Votre historique - résultats
Vous n’avez pas pris ce quiz depuis la dernière actualisation